Catalogue de la Bibliothèque de l'ENSA

Applied principles of horticultural science (notice nᵒ 22625)

détails MARC
000 -LEADER
fixed length control field 00575nam a2200193zi 4500
005 - DATE AND TIME OF LATEST TRANSACTION
control field 20171121050307.0
020 ## - ISBN
ISBN 978-0-7506-8702-7
037 ## - SOURCE D'ACQUISITION
Cote BC_1405 65
Forme de support Autres
040 ## - SOURCE DU CATALOGAGE
Origine cataloguage BC-ENSA
Langue du catalogage fre
041 ## - CODE DE LANGUE
Langue Anglais
100 ## - VEDETTE PRINCIPALE - AUTEUR PRINCIPAL
Auteur BROWN, L.V.
245 ## - MENTION DU TITRE
Titre Applied principles of horticultural science
250 ## - MENTION D'ÉDITION
Mention d'édition 3e éd.
260 ## - PUBLICATION, DIFFUSION, ETC. (ADRESSE BIBLIOGRAPHIQUE)
Lieu d'édition Amsterdam
Nom de l'éditeur Elsevier
Année d'édition 2008
300 ## - DESCRIPTION MATÉRIELLE
Nombre de pages 324 p.
Illustration couv ill. en coul.
Format 30 cm
562 ## - NOTE D'IDENTIFICATION DES EXEMPLAIRES ET VERSIONS
Numbre d' exemplaire 01 exemplaire
942 ## - ADDED ENTRY ELEMENTS (KOHA)
Type document Ouvrage
653 ## - DESCRIPTEUR LIBRE
Mots clés libres HORTICULTURE/GRAINE/MULTIPLICATION DES PLANTES/BIOLOGIE/PHOTOSYNTHESE/SOL/MALADIE DES PLANTES
Exemplaires
statut de retrait Statut emplacement permanent Localisation actuelle Cote code à barre Koha type d'élément
    Bibliothèque Centrale Bibliothèque Centrale BC_1405 65 BC_1405 65 Ouvrage

Adresse: Ecole Nationale Supérieure Agronomique Hassen Badi - El Harrach Alger, Algérie

Tél +213 (0) 23 82 85 07+213 (0) 23 82 85 12 Fax +213 23 82 85 03/04 Courriel: bibliotheque@edu.ensa.dz